| 000 | 00476nam a22001697a 4500 | ||
|---|---|---|---|
| 005 | 20250529143354.0 | ||
| 008 | 250529b |||||||| |||| 00| 0 eng d | ||
| 020 | _a9966-846-84-0 | ||
| 050 |
_aRS 164 .K65 2008 _b3 |
||
| 100 | _aKOKWARO, JOHN O. | ||
| 245 | _aMEDICINAL PLANTS OF EAST AFRICA | ||
| 250 | _aTHIRD EDITION | ||
| 260 |
_aNAIROBI _bUNIVERSITY OF NAIROBI _c2008 |
||
| 500 | _aINCLUDES INDEX | ||
| 650 | _aPLANT SPEC IES AND DISEASES TREATED | ||
| 942 |
_2lcc _cBK |
||
| 999 |
_c215541 _d215541 |
||